Transboundary Protected Areas - Statistics

General Stats
  • This quiz has been taken 6 times
  • The average score is 28 of 37
Answer Stats
Continent Park Countries % Correct
Americas Iguacu-Iguazu Argentina | Brazil
100%
Americas Glaciares-Torres del Paine-O'Higgins Complex Argentina | Chile
100%
Americas Lago Titicaca Bolivia | Peru
100%
Asia Heart of Borneo Brunei | Indonesia | Malaysia
100%
Multi-Continent Los Katios and Darien combined parks Colombia | Panama
100%
Americas Cordillera del Condor Ecuador | Peru
100%
Europe Pyrenees-Mont Perdu France | Spain
100%
Europe Muskauer Park/Park Muzakowski Germany | Poland
100%
Asia Lanjak Entimau/Batang/Ai/Betung Kerihun Complex Indonesia | Malaysia
100%
Europe Monte San Giorgio Italy | Switzerland
100%
Multi-Continent Intercontinental Biosphere Reserve of the Mediterranean Morocco | Spain
100%
Asia Hamun-e-Puzak, south end - Hamun-e-Saberi & Hamun-e-Helmand Afghanistan | Iran
83%
Europe Bialowieza Forest Belarus | Poland
83%
Americas Maya Tropical Forest Complex Belize | Guatemala | Mexico
83%
Asia Labi Hills/Gunung Pulu Brunei | Malaysia
83%
Americas Kluane/Wrangell-St. Elias/Glacier Bay/Tatshenshini-Alsek Canada | United States
83%
Americas Parque Internacional La Amistad Costa Rica | Panama
83%
Europe Caves of Aggtelek Karst and Slovak Karst Hungary | Slovakia
83%
Multi-Continent Great Atlay Kazakhstan | Russia
83%
Africa Maloti-Drakensberg Park Lesotho | South Africa
83%
Americas Dry Borders-Sonoran Desert Biosphere Reserve Network Mexico | United States
83%
Africa Mosi-oa-Tunya/Victoria Falls Zambia | Zimbabwe
83%
Africa Virunga Volcanoes Transboundary Conservation Area Democratic Republic of the Congo | Rwanda | Uganda
67%
Europe Wadden Sea Denmark | Germany | Netherlands
67%
Americas Montecristo Trifinio Transboundary Protected Area Complex El Salvador | Guatemala | Honduras
67%
Asia Govater Bay and Hur-e-Bahu - Jiwani Coastal Wetland Iran | Pakistan
67%
Africa ǀAi-ǀAis/Richtersveld Transfrontier Park Namibia | South Africa
67%
Asia Taxkorgan Afghanistan | China | Pakistan
50%
Europe Rhaetian Railway in the Albula/Bernina Landscapes Italy | Switzerland
50%
Europe Curonian Spit Lithuania | Russia
50%
Asia Turtle Island Heritage Protected Area Malaysia | Philippines
50%
Multi-Continent Landscapes of Dauria Mongolia | Russia
50%
Africa Lubombo Transfrontier Conservation Area Mozambique | South Africa | Eswatini
50%
Africa Kgalagadi Transfrontier Park Botswana | South Africa
33%
Africa Complexe Kokorou-Namga Burkina Faso | Mali
33%
Africa Sangha Trinational Cameroon | Central African Republic | Republic of the Congo
33%
Africa Kidepo South Sudan | Uganda
33%
No matching quizzes found
Score Distribution
Percent of People with Each Score
Percentile by Number Answered
Your Score History
You have not taken this quiz